000 00623nam a2200217Ii 4500
003 JO-AjNU
008 230606s9999||||xx |||||||||||||| ||und||
020 _a978-0-521-54320-0
040 _aJO-AjNU
_beng
_erda
_cJO-AjNU
041 _aeng
050 1 4 _aP107.Y85 2006
100 3 _aYule,George تأليف,
_eauthor
_92473
245 0 4 _aThe Study Of Language
250 _a3 ed
264 3 1 _aNew York:Cambridge University Press.2006
300 _a273p
336 _atext
_btxt
_2rdacontent
337 _aunmediated
_bn
_2rdamedia
338 _avolume
_bnc
_2rdacarrier
650 4 _aThe Study Of Language-Language
_92474
999 _aE1295
_c1295
_d1295